000 00722nam a2200241Ia 4500
003 BUBTL
008 151213s9999 xx 000 0 und d
020 _a9840730344
041 _aবাংলা
082 _a340.59/ M7394m/ 1994
100 _aমোমেন, নূরুল
245 _aমুসলিম আইন/
_cনূরুল মোমেন
250 _a১ম সং
260 _aঢকা :
_bবাংলা একাডেমী,
_cc1994
300 _a463 p. :
_bill. ; 21 cm.
526 _aLaw
650 _aLaw
650 _a
_95862
700 _aনূরুল মোমেন
856 _k0
_l0
_yDownload
942 _2ddc
_cBK
999 _c2469
_d2469